[Event "Hastings Challengers 1995/96"]
[Site "Hastings"]
[Date "1995.12.28"]
[Round "1"]
[White "Paschall, William M"]
[Black "Knox, David A"]
[Result "1-0"]
[WhiteElo "2330"]
[BlackElo "2235"]
[PlyCount "47"]
[EventDate "1995.12.28"]
[EventType "swiss"]
[EventRounds "11"]
[EventCountry "ENG"]
[SourceTitle "BritBase"]
[Source "John Saunders"]
[SourceDate "2025.01.31"]
[SourceVersion "1"]
[SourceVersionDate "2025.01.31"]
[SourceQuality "1"]

1. d4 b5 2. e4 Bb7 3. Nd2 Nf6 4. Bd3 c5 5. c3 e6 6. Ngf3 c4 7. Bc2 d5 8. e5 Nfd7 9. Nf1 Be7 10. h4 f6 11. exf6 Bxf6 12. Ng5 Qe7 13. Bxh7 Nf8 14. Bc2 e5 15. dxe5 Nbd7 16. f4 Bxg5 17. fxg5 O-O-O 18. Qe2 Ne6 19. Be3 b4 20. Ng3 Nxe5 21. Bd4 Nd3+ 22. Bxd3 cxd3 23. Qe5 Rde8 24. Nf5 1-0

[Event "Hastings Challengers 1995/96"]
[Site "Hastings"]
[Date "1995.12.28"]
[Round "1"]
[White "Pilgaard, Kim"]
[Black "Jakubovics, Nicholas S"]
[Result "1-0"]
[WhiteElo "2315"]
[BlackElo "2220"]
[PlyCount "109"]
[EventDate "1995.12.28"]
[EventType "swiss"]
[EventRounds "11"]
[EventCountry "ENG"]
[SourceTitle "BritBase"]
[Source "John Saunders"]
[SourceDate "2025.01.31"]
[SourceVersion "1"]
[SourceVersionDate "2025.01.31"]
[SourceQuality "1"]

1. e4 e5 2. Nf3 Nc6 3. Bb5 a6 4. Ba4 Nf6 5. O-O Nxe4 6. d4 b5 7. Bb3 d5 8. dxe5 Be6 9. c3 Bc5 10. Nbd2 O-O 11. Qe2 Bf5 12. Nxe4 dxe4 13. Ng5 Nxe5 14. Nxe4 Bg4 15. Qc2 Bb6 16. Bf4 Nd3 17. Bg5 Qd7 18. Kh1 Nc5 19. Nxc5 Bxc5 20. a4 Rfe8 21. f3 Bf5 22. Qd1 h6 23. Bh4 Be6 24. Qxd7 Bxd7 25. Rfd1 Bc6 26. Bg3 Re2 27. Bd5 Bxd5 28. Rxd5 Bd6 29. axb5 Rxb2 30. Bxd6 cxd6 31. c4 a5 32. Rxd6 a4 33. h3 Rb4 34. Ra6 Rc8 35. R1xa4 Rcxc4 36. Rxb4 Rxb4 37. Rb6 g6 38. Kh2 Kg7 39. Rb8 Kf6 40. b6 Kf5 41. g3 Rb2+ 42. Kg1 Kf6 43. Kf1 Ke7 44. h4 Kd6 45. g4 Ke6 46. Ke1 Ke5 47. Rb7 f5 48. Rb8 Kf6 49. Kd1 fxg4 50. fxg4 Kg7 51. g5 hxg5 52. hxg5 Rb5 53. Rb7+ Kg8 54. Kc2 Rxg5 55. Rc7 1-0

[Event "Hastings Challengers 1995/96"]
[Site "Hastings"]
[Date "1995.12.28"]
[Round "1"]
[White "Prange, Stefan"]
[Black "Rice, Christopher B"]
[Result "1-0"]
[WhiteElo "2055"]
[BlackElo "2165"]
[PlyCount "123"]
[EventDate "1995.12.28"]
[EventType "swiss"]
[EventRounds "11"]
[EventCountry "ENG"]
[SourceTitle "BritBase"]
[Source "John Saunders"]
[SourceDate "2025.01.31"]
[SourceVersion "1"]
[SourceVersionDate "2025.01.31"]
[SourceQuality "1"]

1. d4 d5 2. Nf3 Nf6 3. c4 c6 4. Nc3 dxc4 5. a4 Bf5 6. e3 e6 7. Bxc4 Bb4 8. O-O Nbd7 9. Qe2 Bg6 10. e4 O-O 11. e5 Nd5 12. Ne4 h6 13. h3 a6 14. Bd2 Bxd2 15. Nfxd2 N7b6 16. Bb3 Ne7 17. a5 Nbd5 18. Nd6 Nf5 19. Nxf5 Bxf5 20. Rfd1 Nf4 21. Qf3 Nd3 22. Nc4 Qxd4 23. Rd2 Qe4 24. Qxe4 Bxe4 25. Bc2 Nc5 26. Bxe4 Nxe4 27. Rd4 f5 28. Rad1 Rf7 29. f3 Ng3 30. Kf2 f4 31. Nd6 Rd7 32. Rxf4 Nf5 33. g4 Ne7 34. Rfd4 Nd5 35. Nc4 Rad8 36. Kg3 g5 37. Rh1 Kg7 38. h4 Rf8 39. hxg5 hxg5 40. Nd6 Rh8 41. Rxh8 Kxh8 42. Ne4 Rg7 43. Nc5 Re7 44. Ne4 Rg7 45. Rd3 Kh7 46. Nc5 Kg6 47. Rb3 Nf4 48. Rxb7 Rxb7 49. Nxb7 Nd3 50. b4 Kh6 51. Nc5 Nxc5 52. bxc5 Kg6 53. f4 gxf4+ 54. Kxf4 Kh6 55. Kf3 Kg6 56. Kg2 Kh6 57. Kh3 Kg5 58. Kg3 Kh6 59. Kh4 Kg6 60. g5 Kf5 61. Kh5 Kxe5 62. g6 1-0

[Event "Hastings Challengers 1995/96"]
[Site "Hastings"]
[Date "1995.12.28"]
[Round "1"]
[White "Schmedders, Hans Gerd"]
[Black "Botley, Gordon"]
[Result "0-1"]
[WhiteElo "2310"]
[BlackElo "2220"]
[PlyCount "80"]
[EventDate "1995.12.28"]
[EventType "swiss"]
[EventRounds "11"]
[EventCountry "ENG"]
[SourceTitle "BritBase"]
[Source "John Saunders"]
[SourceDate "2025.01.31"]
[SourceVersion "1"]
[SourceVersionDate "2025.01.31"]
[SourceQuality "1"]

1. e4 d6 2. d4 Nf6 3. Nc3 g6 4. Bc4 Bg7 5. Qe2 e5 6. dxe5 dxe5 7. Nf3 Nbd7 8. Bxf7+ Kxf7 9. Ng5+ Ke7 10. Qc4 Qg8 11. Qxc7 h6 12. f4 Qd8 13. Qxd8+ Rxd8 14. Nf3 exf4 15. e5 Ne8 16. Nd5+ Kf7 17. Nxf4 Nxe5 18. Nxe5+ Bxe5 19. O-O Kg7 20. Nd3 Bd4+ 21. Kh1 Bf5 22. Bf4 Rac8 23. Rae1 Rxc2 24. Nb4 Rxb2 25. Re7+ Kg8 26. g4 Bf6 27. Nd5 Bxe7 28. Nxe7+ Kf7 29. gxf5 Kxe7 30. fxg6 Rd5 31. Bxh6 Rdb5 32. Bf4 Rxa2 33. Bg3 Rd5 34. h4 Nf6 35. Bf4 Nh5 36. Bb8 Rd4 37. Kg1 Rg4+ 38. Kh1 Rxh4+ 39. Kg1 Rg4+ 40. Kh1 Rxg6 0-1

[Event "Hastings Challengers 1995/96"]
[Site "Hastings"]
[Date "1995.12.28"]
[Round "1"]
[White "Shaw, John Kerr"]
[Black "Sher, Miron Naumovich"]
[Result "0-1"]
[WhiteElo "2280"]
[BlackElo "2510"]
[PlyCount "104"]
[EventDate "1995.12.28"]
[EventType "swiss"]
[EventRounds "11"]
[EventCountry "ENG"]
[SourceTitle "BritBase"]
[Source "John Saunders"]
[SourceDate "2025.01.31"]
[SourceVersion "1"]
[SourceVersionDate "2025.01.31"]
[SourceQuality "1"]

1. e4 c5 2. Nc3 Nc6 3. g3 g6 4. Bg2 Bg7 5. d3 d6 6. f4 e5 7. Nh3 Nge7 8. O-O Nd4 9. Be3 O-O 10. Qd2 Rb8 11. Rf2 f6 12. Raf1 Be6 13. Nd5 Bxd5 14. exd5 Nef5 15. g4 Nxe3 16. Qxe3 Qd7 17. c3 Nb5 18. f5 g5 19. Be4 h6 20. Rg2 a5 21. Nf2 a4 22. a3 Rf7 23. Nh1 Nc7 24. Ng3 b5 25. Rc1 Bf8 26. Nh5 Qd8 27. Rgc2 Ne8 28. h4 Rfb7 29. hxg5 hxg5 30. Kg2 Rh7 31. Rh1 Rbb7 32. Qc1 Rh6 33. Kg3 Rbh7 34. Rch2 Kf7 35. Kg2 Nc7 36. Qe3 Qb8 37. Ng3 Rxh2+ 38. Rxh2 Rxh2+ 39. Kxh2 b4 40. cxb4 cxb4 41. Qc1 bxa3 42. bxa3 Na6 43. Kg2 Nc5 44. Kf3 Qb3 45. Ke3 Be7 46. Nf1 Qb6 47. Kf3 Nb3 48. Qe3 Nd4+ 49. Kg3 Qb2 50. Qd2 Qxa3 51. Ne3 Qa1 52. Nc4 a3 0-1

[Event "Hastings Challengers 1995/96"]
[Site "Hastings"]
[Date "1995.12.28"]
[Round "1"]
[White "Smith, Alan A"]
[Black "McNab, Colin Anderson"]
[Result "0-1"]
[WhiteElo "2255"]
[BlackElo "2440"]
[PlyCount "54"]
[EventDate "1995.12.28"]
[EventType "swiss"]
[EventRounds "11"]
[EventCountry "ENG"]
[SourceTitle "BritBase"]
[Source "John Saunders"]
[SourceDate "2025.01.31"]
[SourceVersion "1"]
[SourceVersionDate "2025.01.31"]
[SourceQuality "1"]

1. e4 g6 2. d4 d6 3. Nc3 c6 4. Bc4 Nf6 5. Qe2 Bg7 6. e5 Nd5 7. Bd2 Be6 8. Ne4 Qb6 9. Nf3 dxe5 10. dxe5 Nd7 11. Neg5 Qxb2 12. O-O Nxe5 13. Nxe6 fxe6 14. Rab1 Nxf3+ 15. Qxf3 Qxc2 16. Qe2 Bc3 17. Qxe6 Bxd2 18. Bxd5 cxd5 19. Rxb7 Qc5 20. Rd1 Rd8 21. h4 Bc3 22. Rd3 Bf6 23. Rf3 Rf8 24. h5 gxh5 25. Qf5 Qc1+ 26. Kh2 Qg5 27. Qxh7 Be5+ 0-1

[Event "Hastings Challengers 1995/96"]
[Site "Hastings"]
[Date "1995.12.28"]
[Round "1"]
[White "Oschetzki, Stefan"]
[Black "Ledger, David J"]
[Result "0-1"]
[WhiteElo "2215"]
[BlackElo "2305"]
[PlyCount "72"]
[EventDate "1995.12.28"]
[EventType "swiss"]
[EventRounds "11"]
[EventCountry "ENG"]
[SourceTitle "BritBase"]
[Source "John Saunders"]
[SourceDate "2025.01.31"]
[SourceVersion "1"]
[SourceVersionDate "2025.01.31"]
[SourceQuality "1"]

1. e4 e5 2. f4 exf4 3. Nf3 d6 4. d4 g5 5. h4 g4 6. Ng1 f5 7. Nc3 fxe4 8. Nxe4 Qe7 9. Qe2 Nc6 10. c3 Bf5 11. Nf2 Bh6 12. Bd2 O-O-O 13. O-O-O Qf7 14. Qb5 a6 15. Qa4 Qd5 16. Ne2 f3 17. c4 Bxd2+ 18. Rxd2 fxe2 19. cxd5 e1=Q+ 20. Nd1 Na7 21. Bxa6 Qxh1 22. Bd3 Bxd3 23. Rxd3 Qxg2 24. Qxa7 Qxd5 25. Nc3 Qc4 26. Re3 Qa6 27. Qxa6 bxa6 28. Nd5 Nh6 29. Rc3 Rd7 30. Nb6+ Kd8 31. Nd5 Nf5 32. Rc6 Ne7 33. Rxa6 g3 34. Nf4 Nc8 35. Ra8 Rf7 36. Ne6+ Kd7 0-1

[Event "Hastings Challengers 1995/96"]
[Site "Hastings"]
[Date "1995.12.28"]
[Round "1"]
[White "Trifunovic, Aleksandar"]
[Black "Lalic, Susan Kathryn"]
[Result "0-1"]
[WhiteElo "2230"]
[BlackElo "2315"]
[PlyCount "42"]
[EventDate "1995.12.28"]
[EventType "swiss"]
[EventRounds "11"]
[EventCountry "ENG"]
[SourceTitle "BritBase"]
[Source "John Saunders"]
[SourceDate "2025.01.31"]
[SourceVersion "1"]
[SourceVersionDate "2025.01.31"]
[SourceQuality "1"]

1. d4 Nf6 2. Nf3 e6 3. c4 Bb4+ 4. Bd2 Qe7 5. g3 Nc6 6. Bg2 Bxd2+ 7. Nbxd2 d6 8. O-O O-O 9. e4 e5 10. d5 Nb8 11. Ne1 a5 12. Nd3 Na6 13. b3 c6 14. dxc6 bxc6 15. c5 Nxc5 16. Nxc5 dxc5 17. Qc2 Rd8 18. Rfc1 Ba6 19. Nc4 Bxc4 20. Qxc4 Rd4 21. Qxc5 Rd1+ 0-1

[Event "Hastings Challengers 1995/96"]
[Site "Hastings"]
[Date "1995.12.28"]
[Round "1"]
[White "Trzaska, Peter"]
[Black "Stuart, E Leslie"]
[Result "1-0"]
[WhiteElo "2200"]
[BlackElo "2080"]
[PlyCount "107"]
[EventDate "1995.12.28"]
[EventType "swiss"]
[EventRounds "11"]
[EventCountry "ENG"]
[SourceTitle "BritBase"]
[Source "John Saunders"]
[SourceDate "2025.01.31"]
[SourceVersion "1"]
[SourceVersionDate "2025.01.31"]
[SourceQuality "1"]

1. e4 c5 2. c3 d5 3. exd5 Nf6 4. d4 cxd4 5. cxd4 Nxd5 6. Nc3 e6 7. Nf3 Bb4 8. Bd2 Be7 9. Bd3 O-O 10. O-O Nxc3 11. Bxc3 Nd7 12. Qc2 h6 13. Ne5 Nf6 14. Rac1 Bd7 15. Qb3 Rb8 16. Bb1 Bc6 17. Rfe1 Qd5 18. Nxc6 bxc6 19. Qc2 Bd6 20. Re3 Rfd8 21. Rf3 Kf8 22. Rd1 Rb7 23. a3 a5 24. Qd2 Rdb8 25. Rxf6 gxf6 26. Qxh6+ Ke7 27. h4 Bxa3 28. Be4 Qc4 29. d5 e5 30. dxc6 Bxb2 31. Bxe5 Bxe5 32. cxb7 a4 33. Qe3 Qc3 34. Qxc3 Bxc3 35. Rc1 Be5 36. Rc8 Ke6 37. Rc6+ Bd6 38. Rc8 a3 39. Rxb8 Bxb8 40. Bc2 f5 41. Bb3+ Ke7 42. Kf1 Bd6 43. Ke2 Kd7 44. Bd5 Kc7 45. h5 Bf4 46. Kd3 Be5 47. h6 a2 48. Bxa2 Kxb7 49. Bxf7 Kc6 50. Be6 Kd6 51. Bxf5 Ke7 52. Ke4 Bh8 53. g4 Bf6 54. f4 1-0

[Event "Hastings Challengers 1995/96"]
[Site "Hastings"]
[Date "1995.12.28"]
[Round "1"]
[White "Tseitlin, Mikhail S"]
[Black "Williams, Simon Kim"]
[Result "1-0"]
[WhiteElo "2435"]
[BlackElo "2250"]
[PlyCount "80"]
[EventDate "1995.12.28"]
[EventType "swiss"]
[EventRounds "11"]
[EventCountry "ENG"]
[SourceTitle "BritBase"]
[Source "John Saunders"]
[SourceDate "2025.01.31"]
[SourceVersion "1"]
[SourceVersionDate "2025.01.31"]
[SourceQuality "1"]

1. Nf3 e6 2. d4 f5 3. g3 Nf6 4. Bg2 Be7 5. O-O O-O 6. c4 d6 7. Nc3 a5 8. b3 Ne4 9. Bb2 Bf6 10. Qc2 Nxc3 11. Bxc3 Nc6 12. Rad1 Qe8 13. Rfe1 e5 14. dxe5 dxe5 15. Qb2 f4 16. Nd2 Qh5 17. Ne4 Bh3 18. Rd5 Bxg2 19. Kxg2 Rae8 20. Qd2 Qg6 21. Qd3 Be7 22. Rd1 Bb4 23. Bb2 Rf5 24. f3 h5 25. Rd7 Be7 26. Rxc7 Nb4 27. Qd7 Nc2 28. Bc1 Nd4 29. Rxd4 exd4 30. Rxb7 fxg3 31. hxg3 Bh4 32. Rb6 Rf6 33. Qd5+ Kh8 34. Rb5 Rxe4 35. Qxh5+ Kg8 36. Qxg6 Rxg6 37. fxe4 Rxg3+ 38. Kf1 Rc3 39. Bb2 a4 40. c5 axb3 1-0

[Event "Hastings Challengers 1995/96"]
[Site "Hastings"]
[Date "1995.12.28"]
[Round "1"]
[White "Wilson, Jonathan G"]
[Black "Avni, Amatzia"]
[Result "1/2-1/2"]
[WhiteElo "2245"]
[BlackElo "2360"]
[PlyCount "97"]
[EventDate "1995.12.28"]
[EventType "swiss"]
[EventRounds "11"]
[EventCountry "ENG"]
[SourceTitle "BritBase"]
[Source "John Saunders"]
[SourceDate "2025.01.31"]
[SourceVersion "1"]
[SourceVersionDate "2025.01.31"]
[SourceQuality "1"]

1. d4 e6 2. c4 b6 3. e4 Bb7 4. Qc2 Qh4 5. Nd2 Bb4 6. Bd3 f5 7. Ngf3 Qg4 8. O-O Bxd2 9. Nxd2 Nc6 10. f3 Qh4 11. Qc3 Qf6 12. e5 Qh4 13. f4 Nh6 14. Nf3 Qh5 15. b4 Ne7 16. a4 O-O 17. Ra2 a6 18. Be2 Rfc8 19. Ng5 Qe8 20. Bf3 Bxf3 21. Rxf3 Nf7 22. Nxf7 Qxf7 23. Qa1 c6 24. Be3 Rab8 25. Bf2 b5 26. axb5 axb5 27. c5 Nd5 28. Be1 h6 29. Bd2 Kh7 30. Rb3 Rg8 31. Qd1 Rgd8 32. Qe2 Qe8 33. Qd1 Ra8 34. Qa1 Ra3 35. Rbxa3 Qh5 36. Rf3 Qe8 37. Raa3 Qe7 38. Qd1 Rg8 39. Qe2 g6 40. Qd1 Kg7 41. Qe1 Rc8 42. h4 Kh7 43. g3 Qe8 44. Kf2 Ra8 45. Qa1 Rxa3 46. Qxa3 Kg7 47. Qa5 Kf7 48. Qa3 Ke7 49. Qa7 1/2-1/2

[Event "Hastings Challengers 1995/96"]
[Site "Hastings"]
[Date "1995.12.28"]
[Round "1"]
[White "Cafferty, Bernard"]
[Black "Plaskett, H James"]
[Result "0-1"]
[WhiteElo "2260"]
[BlackElo "2465"]
[PlyCount "36"]
[EventDate "1995.12.28"]
[EventType "swiss"]
[EventRounds "11"]
[EventCountry "ENG"]
[SourceTitle "BritBase"]
[Source "John Saunders"]
[SourceDate "2025.01.31"]
[SourceVersion "1"]
[SourceVersionDate "2025.01.31"]
[SourceQuality "1"]

1. Nf3 d6 2. d4 Bg4 3. e4 Nf6 4. Nc3 e6 5. Be2 Be7 6. O-O O-O 7. Be3 Nbd7 8. h3 Bh5 9. Nd2 Bxe2 10. Qxe2 c5 11. Rfd1 cxd4 12. Bxd4 a6 13. a4 Qc7 14. a5 Rac8 15. Ra4 Rfe8 16. Qf3 Ne5 17. Qg3 Qd7 18. Bb6 Rxc3 0-1

[Event "Hastings Challengers 1995/96"]
[Site "Hastings"]
[Date "1995.12.28"]
[Round "1"]
[White "Cherniaev, Alexander"]
[Black "Franklin, Michael J"]
[Result "1-0"]
[WhiteElo "2450"]
[BlackElo "2260"]
[PlyCount "99"]
[EventDate "1995.12.28"]
[EventType "swiss"]
[EventRounds "11"]
[EventCountry "ENG"]
[SourceTitle "BritBase"]
[Source "John Saunders"]
[SourceDate "2025.01.31"]
[SourceVersion "1"]
[SourceVersionDate "2025.01.31"]
[SourceQuality "1"]

1. e4 c5 2. Nf3 a6 3. c3 d6 4. d4 Nd7 5. Bd3 e6 6. O-O Ne7 7. b4 cxb4 8. cxb4 Ng6 9. a3 Be7 10. Nc3 O-O 11. Be3 b6 12. Rc1 Bb7 13. Qe2 Nf6 14. Nd2 d5 15. e5 Nd7 16. f4 f5 17. exf6 Nxf6 18. g3 Rf7 19. Bf2 Nf8 20. Nf3 N6d7 21. Rc2 h6 22. Rb1 Bd6 23. Ne5 Rf6 24. Nd1 b5 25. Ne3 Nb6 26. N3g4 Bxe5 27. dxe5 Rf7 28. Bd4 Nc4 29. Rc3 Bc6 30. Nf2 Be8 31. Re1 Rb7 32. Qg4 Bf7 33. f5 Qe8 34. f6 Bg6 35. Bxc4 bxc4 36. Qf4 Rf7 37. g4 a5 38. h4 axb4 39. axb4 Qb8 40. h5 Bh7 41. Rg3 Rxf6 42. Qd2 g5 43. hxg6 Rxg6 44. Rh3 Ra4 45. Bc5 Nd7 46. Bd6 Qa7 47. Qf4 Ra1 48. Rxa1 Qxa1+ 49. Kg2 Qe1 50. Ra3 1-0

[Event "Hastings Challengers 1995/96"]
[Site "Hastings"]
[Date "1995.12.28"]
[Round "1"]
[White "Parr, David"]
[Black "Heinzel, Olaf"]
[Result "0-1"]
[WhiteElo "2220"]
[BlackElo "2310"]
[PlyCount "70"]
[EventDate "1995.12.28"]
[EventType "swiss"]
[EventRounds "11"]
[EventCountry "ENG"]
[SourceTitle "BritBase"]
[Source "John Saunders"]
[SourceDate "2025.01.31"]
[SourceVersion "1"]
[SourceVersionDate "2025.01.31"]
[SourceQuality "1"]

1. c4 Nf6 2. Nc3 c5 3. Nf3 d5 4. cxd5 Nxd5 5. g3 Nc6 6. Bg2 Nc7 7. d3 e5 8. O-O Be7 9. Be3 O-O 10. Rc1 Be6 11. Na4 b6 12. Nc3 Rc8 13. Qd2 f6 14. Ne1 Qd7 15. f4 exf4 16. Bxf4 Nd5 17. Nxd5 Bxd5 18. Bxd5+ Qxd5 19. b3 f5 20. Nf3 Bf6 21. Bg5 Bxg5 22. Qxg5 Rce8 23. Rf2 Nb4 24. Qd2 Nc6 25. Qf4 Kh8 26. Rcf1 Rf6 27. Rc1 Rfe6 28. Rc2 R6e7 29. Rd2 Re3 30. Rc2 Qd7 31. Rd2 h6 32. h4 Qe6 33. Qc4 Qg6 34. Kh2 Nd4 35. Qd5 Nxe2 0-1

[Event "Hastings Challengers 1995/96"]
[Site "Hastings"]
[Date "1995.12.28"]
[Round "1"]
[White "Dodgson, John A"]
[Black "Hirsch, Stefan"]
[Result "1/2-1/2"]
[WhiteElo "2240"]
[BlackElo "2235"]
[PlyCount "82"]
[EventDate "1995.12.28"]
[EventType "swiss"]
[EventRounds "11"]
[EventCountry "ENG"]
[SourceTitle "Denman Collection"]
[Source "Brian Denman"]
[SourceDate "2023.11.29"]
[SourceVersion "1"]
[SourceVersionDate "2023.11.29"]
[SourceQuality "1"]

1. Nf3 Nf6 2. g3 d6 3. Bg2 e5 4. d3 g6 5. O-O Bg7 6. e4 O-O 7. Nbd2 c5 8. a4 Nc6 9. Re1 Re8 10. Nc4 Rb8 11. c3 b6 12. Bd2 a6 13. b4 b5 14. axb5 axb5 15. Na5 Nxa5 16. Rxa5 Bd7 17. Qa1 Bc6 18. Qa2 cxb4 19. cxb4 d5 20. Ng5 h6 21. exd5 Bxd5 22. Bxd5 Qxd5 23. Qxd5 Nxd5 24. Ne4 Red8 25. Kf1 Ne7 26. Nc5 Nc6 27. Ra2 Ra8 28. Rea1 Rxa2 29. Rxa2 Bf8 30. Ra6 Bxc5 31. Rxc6 Bf8 32. Ke2 Rd5 33. Rb6 Bd6 34. Bc3 Kf8 35. Rb7 f5 36. Ke3 Be7 37. f4 exf4+ 38. gxf4 Kf7 39. Bd4 Ke6 40. Rb6+ Kf7 41. Rb7 Ke6 {Source: probably J A Dodgson (Brian Denman Collection)} 1/2-1/2

[Event "Hastings Challengers 1995/96"]
[Site "Hastings"]
[Date "1995.12.29"]
[Round "2"]
[White "Moss, Robin BW"]
[Black "Tagnon, Nicole"]
[Result "1/2-1/2"]
[WhiteElo "2265"]
[BlackElo "2105"]
[PlyCount "85"]
[EventDate "1995.12.28"]
[EventType "swiss"]
[EventRounds "11"]
[EventCountry "ENG"]
[SourceTitle "BritBase"]
[Source "John Saunders"]
[SourceDate "2025.01.31"]
[SourceVersion "1"]
[SourceVersionDate "2025.01.31"]
[SourceQuality "1"]

1. e4 c5 2. Nf3 e6 3. Nc3 a6 4. d4 cxd4 5. Nxd4 b5 6. Be3 Bb7 7. f3 Qc7 8. Qd2 Nf6 9. g4 b4 10. Na4 d5 11. g5 Nfd7 12. exd5 Bxd5 13. c4 Bb7 14. Be2 Nc6 15. O-O-O Nxd4 16. Qxd4 Bc6 17. Nb6 Nxb6 18. Qxb6 Qxb6 19. Bxb6 Be7 20. Rhg1 a5 21. f4 a4 22. h4 O-O 23. Bd3 Rab8 24. Be3 b3 25. a3 Rfd8 26. f5 exf5 27. Bxf5 g6 28. Bg4 Be4 29. Rxd8+ Rxd8 30. Rd1 Rxd1+ 31. Bxd1 Bd6 32. Bg4 Bc6 33. h5 Kf8 34. hxg6 hxg6 35. Kd2 Be5 36. Kc1 Ke8 37. Bc8 Kd8 38. Bg4 Kc7 39. Bh3 Be4 40. Bg4 Bd6 41. Be2 Kc6 42. Bf1 Be5 43. Be2 1/2-1/2

[Event "Hastings Challengers 1995/96"]
[Site "Hastings"]
[Date "1995.12.29"]
[Round "2"]
[White "Avni, Amatzia"]
[Black "Cafolla, Peter"]
[Result "1-0"]
[WhiteElo "2360"]
[BlackElo "2160"]
[PlyCount "69"]
[EventDate "1995.12.28"]
[EventType "swiss"]
[EventRounds "11"]
[EventCountry "ENG"]
[SourceTitle "BritBase"]
[Source "John Saunders"]
[SourceDate "2025.01.31"]
[SourceVersion "1"]
[SourceVersionDate "2025.01.31"]
[SourceQuality "1"]

1. d4 Nf6 2. Nf3 g6 3. Bf4 Bg7 4. e3 d6 5. Be2 O-O 6. h3 c5 7. c3 Qb6 8. Qb3 Qxb3 9. axb3 b6 10. Nbd2 Bb7 11. O-O Nbd7 12. Ba6 Bxa6 13. Rxa6 Nd5 14. Rfa1 Nxf4 15. exf4 cxd4 16. Nxd4 Bxd4 17. cxd4 Nb8 18. Rxa7 Rxa7 19. Rxa7 Nc6 20. Rc7 Nxd4 21. Rxe7 Rc8 22. Nc4 Nxb3 23. Nxd6 Rc1+ 24. Kh2 Rc2 25. Nxf7 Rxb2 26. Nh6+ Kf8 27. Rxh7 Rxf2 28. Rf7+ Ke8 29. Rb7 Nd2 30. Rxb6 Nf1+ 31. Kg1 Rxf4 32. Rxg6 Kd7 33. Ng4 Ke7 34. Ra6 Ng3 35. Ra3 1-0

[Event "Hastings Challengers 1995/96"]
[Site "Hastings"]
[Date "1995.12.29"]
[Round "2"]
[White "Beaton, Kenneth S"]
[Black "Straeter, Timo"]
[Result "1-0"]
[WhiteElo "2130"]
[BlackElo "2310"]
[PlyCount "82"]
[EventDate "1995.12.28"]
[EventType "swiss"]
[EventRounds "11"]
[EventCountry "ENG"]
[SourceTitle "BritBase"]
[Source "John Saunders"]
[SourceDate "2025.01.31"]
[SourceVersion "1"]
[SourceVersionDate "2025.01.31"]
[SourceQuality "1"]

1. Nf3 d5 2. d4 Nf6 3. c4 e6 4. Nc3 Be7 5. Bg5 O-O 6. e3 Nbd7 7. Qc2 a6 8. O-O-O c6 9. h4 dxc4 10. Bxc4 Nd5 11. e4 Nxc3 12. Qxc3 b5 13. Bd3 Bb7 14. Kb1 Rc8 15. Qd2 c5 16. d5 exd5 17. exd5 Nf6 18. Bf5 Qd6 19. Bxc8 Rxc8 20. Rhe1 Bf8 21. Bxf6 gxf6 22. Re4 Rd8 23. Rg4+ Kh8 24. Qf4 Qxf4 25. Rxf4 Bxd5 26. Re1 Bg7 27. Re7 Be6 28. Ra7 Bh6 29. Rxf6 Rd1+ 30. Kc2 Rc1+ 31. Kd3 Bf8 32. Ng5 Bxa2 33. Nxf7+ Kg7 34. Rf4 c4+ 35. Kd2 Bc5 36. Rg4+ Kf6 37. Rxa6+ Kxf7 38. Kxc1 Bb3 39. Rf4+ Ke7 40. Re4+ Kd7 41. Rf4 b4 1-0

[Event "Hastings Challengers 1995/96"]
[Site "Hastings"]
[Date "1995.12.29"]
[Round "2"]
[White "Botley, Gordon"]
[Black "Suetin, Alexey S"]
[Result "0-1"]
[WhiteElo "2220"]
[BlackElo "2445"]
[PlyCount "64"]
[EventDate "1995.12.28"]
[EventType "swiss"]
[EventRounds "11"]
[EventCountry "ENG"]
[SourceTitle "BritBase"]
[Source "John Saunders"]
[SourceDate "2025.01.31"]
[SourceVersion "1"]
[SourceVersionDate "2025.01.31"]
[SourceQuality "1"]

1. c4 e5 2. Nc3 Nc6 3. g3 g6 4. Bg2 Bg7 5. e3 Nge7 6. Nge2 O-O 7. O-O d6 8. d3 a6 9. Nd5 Rb8 10. Qc2 Bf5 11. Bd2 Qd7 12. Rfe1 Bh3 13. Bh1 Nxd5 14. cxd5 Ne7 15. Rac1 Rfc8 16. Qb1 f5 17. Bc3 g5 18. f4 h6 19. b4 Ng6 20. Qb2 Re8 21. Kf2 Bg4 22. Bg2 Re7 23. fxg5 hxg5 24. Ng1 Rf8 25. Nf3 Bxf3 26. Bxf3 e4 27. Bxg7 Rxg7 28. Be2 exd3 29. Bxd3 Ne5 30. Ke2 f4 31. e4 fxg3 32. hxg3 Rf2+ 0-1

[Event "Hastings Challengers 1995/96"]
[Site "Hastings"]
[Date "1995.12.29"]
[Round "2"]
[White "Flear, Glenn C"]
[Black "Buckley, Graeme N"]
[Result "0-1"]
[WhiteElo "2495"]
[BlackElo "2355"]
[PlyCount "112"]
[EventDate "1995.12.28"]
[EventType "swiss"]
[EventRounds "11"]
[EventCountry "ENG"]
[SourceTitle "BritBase"]
[Source "John Saunders"]
[SourceDate "2025.01.31"]
[SourceVersion "1"]
[SourceVersionDate "2025.01.31"]
[SourceQuality "1"]

1. d4 Nf6 2. c4 g6 3. Nc3 Bg7 4. e4 O-O 5. h3 d6 6. Bg5 c6 7. Nf3 Nbd7 8. Be2 e5 9. d5 cxd5 10. cxd5 a5 11. Nd2 Nc5 12. O-O Bd7 13. Rb1 Rc8 14. Re1 h6 15. Be3 Ne8 16. b4 Na6 17. Na4 Nxb4 18. Rb2 Nc7 19. a3 Nbxd5 20. exd5 Nxd5 21. Nb6 Nc3 22. Qb3 Nxe2+ 23. Rxe2 Be6 24. Qb5 Rc1+ 25. Kh2 f5 26. Ndc4 Ra1 27. Rbd2 f4 28. Rxd6 Qf6 29. Nd7 Qf5 30. Rxe6 fxe3 31. Nxe3 Qxe6 32. Nxf8 Bxf8 33. Ng4 e4 34. Rxe4 Qd6+ 35. f4 Rxa3 36. Qxb7 Bg7 37. Qc8+ Kh7 38. Ne5 Qf6 39. Qc1 Ra2 40. Qb1 Rd2 41. Qe1 Ra2 42. Qb1 Qf5 43. Nc4 Rf2 44. Ne3 Qf7 45. Qb8 Re2 46. Qb5 Rxe3 47. Rxe3 Qxf4+ 48. Rg3 Qd6 49. Qxa5 h5 50. h4 Be5 51. Qa7+ Kh6 52. Qe3+ Bf4 53. Qc3 Kh7 54. Qf3 Qf6 55. Kh3 Qf5+ 56. Kh2 Qg4 0-1

[Event "Hastings Challengers 1995/96"]
[Site "Hastings"]
[Date "1995.12.29"]
[Round "2"]
[White "Gottschlich, Carsten"]
[Black "Giddins, Stephen W"]
[Result "1/2-1/2"]
[WhiteElo "2170"]
[BlackElo "2345"]
[PlyCount "22"]
[EventDate "1995.12.28"]
[EventType "swiss"]
[EventRounds "11"]
[EventCountry "ENG"]
[SourceTitle "BritBase"]
[Source "John Saunders"]
[SourceDate "2025.01.31"]
[SourceVersion "1"]
[SourceVersionDate "2025.01.31"]
[SourceQuality "1"]

1. c4 Nf6 2. Nf3 b6 3. g3 Bb7 4. Bg2 c5 5. O-O e6 6. b3 Be7 7. Bb2 O-O 8. d4 cxd4 9. Nxd4 Bxg2 10. Kxg2 Qc7 11. Nc3 Qb7+ 1/2-1/2